LIBRARY & INFORMATION CENTRE, KCAET, TAVANUR

ONLINE PUBLIC ACCESS CATALOGUE (OPAC)

Re-inforced concrete structures, Vol-1 / (Record no. 11034)

MARC details
000 -LEADER
fixed length control field 00467cam a2200181ua 4500
003 - CONTROL NUMBER IDENTIFIER
control field OSt
008 - FIXED-LENGTH DATA ELEMENTS--GENERAL INFORMATION
fixed length control field 250626b |||||||| |||| 00| 0 eng d
041 ## - LANGUAGE CODE
Language code of text/sound track or separate title eng
082 ## - DEWEY DECIMAL CLASSIFICATION NUMBER
Classification number 624.1834
Item number PUN/RE
100 ## - MAIN ENTRY--AUTHOR NAME
Personal name Punmia, B C.
245 ## - TITLE STATEMENT
Title Re-inforced concrete structures, Vol-1 /
250 ## - EDITION STATEMENT
Edition statement 7 /
260 ## - PUBLICATION, DISTRIBUTION, ETC. (IMPRINT)
Place of publication New Delhi :
Name of publisher Laxmi publications ,
Year of publication 1992.
300 ## - PHYSICAL DESCRIPTION
Number of Pages 1140 ; .
700 1# - ADDED ENTRY--PERSONAL NAME
Personal name Arun Kumar, Jain.
700 1# - ADDED ENTRY--PERSONAL NAME
Personal name Jain, A K.
942 ## - ADDED ENTRY ELEMENTS (KOHA)
Koha item type Books
Holdings
Withdrawn status Lost status Damaged status Home library Current library Date acquired Full call number Accession Number Koha item type
      KAUAET KAUAET 07/04/2012 624.1834 PUN/RE 19254 Books
free website counter